01182cam a22003257a 4500003000500000005001700005008004100022010001000063011001000073035001000083040000900093082002100102111012200123245001200245260003000257300001500287500004300302590004100345590004100386590004100427590004200468650005100510650004700561650002800608901000700636942001000643949005600653999001700709952013000726CHAP20220329140039.0971013s1981 r 00010 d a46173 a47145 a51287 cCHAP a026.63bR4p 198100aReunión Interamericana de Bibliotecarios y Documentalistas Agrícolas (n6 :c1981 :cSanto Domingo, R. D.)996384 0aMemoria a(s.l.) :b(s.e.),c(1981) ac.a. 79 p. aPonencias entregadas durante el evento aBATCH-UPDb10c20130110lUCH01h1253 aBATCH-UPDb10c20130410lUCH01h0814 aBATCH-UPDb10c20130914lUCH01h0109 aCONVERSIONb10c20130109lUCH01h132514aAgriculturaxServicios de información.9179114aBibliotecas agrícolasxCongresos.91254214aDocumentación.933172 aBK cLIBRO a026.63 R4p 1981bBCcBd-114815eBh73293i51287si c46173d46173 00104053708BaBCbBCcPA_BIBd2019-12-31fLIBROi127l0o026.63 R4p 1981p-114815r2019-12-31 00:00:00w2019-12-31yLIBRO